SPORTY - Statystyki

Ogólne statystyki
  • Ten quiz został rozwiązany 69 razy
  • Średni wynik to 19 z 52
Statystyki odpowiedzi
Hint Odpowiedź % Poprawnych
P piłka nożna
93%
P piłka ręczna
90%
K koszykówka
88%
S siatkówka
88%
T tenis
78%
H hokej
71%
T tenis stołowy
66%
B boks
64%
L lekkoatletyka
64%
Ł łyżwiarstwo
59%
P pływanie
59%
K karate
53%
K kajakarstwo
52%
R rugby
52%
K kolarstwo
50%
B bieganie
47%
G golf
47%
Ż żużel
47%
Ł łucznictwo
45%
N narciarstwo
45%
Z zapasy
45%
J jeździectwo
41%
B baseball
40%
G gimnastyka
38%
J judo
38%
K krykiet
38%
S szermierka
38%
W wspinaczka
38%
A akrobatyka
36%
B badminton
36%
W wioślarstwo
33%
S sumo
26%
R rzut oszczepem
24%
S surfing
24%
B bilard
22%
J joga
14%
N nurkowanie
12%
K kręgle
10%
A atletyka
9%
P padel
9%
U unihokej
9%
D darty
7%
F fitness
7%
N nordic walking
7%
S snowboarding
7%
W wrotkarstwo
7%
A aerobik
3%
J jogging
3%
P paintball
3%
C crossfit
2%
D dwa ognie
2%
K kalistenika
2%
Nie znaleziono quizów pasujących do podanych kryteriów
Rozkład punktacji
Procent ludzi z każdym wynikiem
Percentyl według liczby udzielonych odpowiedzi
Twoja historia wyników
Nie rozwiązałeś tego quizu